Epitome doctrinae moralis et canonicae addenda ad tomum octavum et excerpta ex consitutionibus aliisque operibus ...

Detalles Bibliográficos
Formato: Libro
Publicado: Venecia 1785
Materias:
Colección:Banco de datos
Acervo:Biblioteca del Ex Convento de Nuestra Señora de Guadalupe. Zacatecas
Tema general:Moral
Notas:Buena. XXVI,1,3 (7471). No identificada 1
LEADER 00723nam a22001810004500
035 |a 44526 
036 |a 5710 
245 1 0 |a Epitome doctrinae moralis et canonicae addenda ad tomum octavum et excerpta ex consitutionibus aliisque operibus ... 
260 |a Venecia  |b imp. Herederos de Nicolás Pezzana  |c 1785 
500 |a Buena. XXVI,1,3 (7471). No identificada 1 
650 1 0 |a Moral 
949 |a CRZ-CG 
959 |a Ex convento de Nuestra Señora de Guadalupe, Museo Regional de Zacatecas, Zacatecas  |b CCC4 
960 |a Convento de Nuestra Señora de Guadalupe, Zacatecas  |b DD87 
961 |a Franciscana  |b OF 
942 |c CRZ-CG 
943 |g Biblioteca del Ex Convento de Nuestra Señora de Guadalupe. Zacatecas 
999 |c 968653  |d 968653